| 000 | 00849cam a22002413a 4500 | ||
|---|---|---|---|
| 001 | 10389 | ||
| 003 | PGUSA | ||
| 005 | 20140828083223.0 | ||
| 008 | 031201s2003||||xxu|||||s|||||000 | eng d | ||
| 040 |
_aPGUSA _beng |
||
| 042 | _adc | ||
| 050 | 4 | _aQL | |
| 100 | 1 |
_aLong, William J. _q(William Joseph), _d1867-1952 |
|
| 245 | 1 | 0 |
_aNorthern Trails, Book I. _h[electronic resource] / _cWilliam J. Long |
| 260 |
_bProject Gutenberg, _c2003 |
||
| 505 | 0 | _aWayeeses the strong one -- The old wolf's challenge -- Where the trail begins -- Noel and Mooka -- The way of the wolf -- The white wolf's hunting -- Trails that cross in the snow. | |
| 506 | _aPublic domain in the USA. | ||
| 516 | _aElectronic text | ||
| 653 | _aAnimals -- Anecdotes | ||
| 830 | 0 |
_aProject Gutenberg _v10389 |
|
| 856 | 4 | 0 | _uhttp://www.gutenberg.org/ebooks/10389 |
| 942 | _cEB | ||
| 999 |
_c239644 _d239644 |
||